Paesi che contengono una lettera - L - Statistics

Statistiche generali
  • Questo quiz è stato fatto 680 volte
  • Il punteggio medio è 55 su 66
Statistiche sulle risposte
Categoria Paese % Corretto
1 x L Lituania
99%
1 x L Lettonia
98%
1 x L Lussemburgo
96%
1 x L Italia
95%
1 x L Slovenia
94%
1 x L Colombia
93%
1 x L Slovacchia
93%
1 x L Albania
92%
1 x L Australia
92%
1 x L Cile
92%
1 x L Islanda
92%
1 x L Libia
92%
1 x L Liechtenstein
92%
1 x L Algeria
91%
1 x L Irlanda
91%
1 x L Laos
91%
1 x L Libano
91%
1 x L Liberia
90%
1 x L Brasile
89%
1 x L Finlandia
89%
1 x L Lesotho
89%
1 x L Malesia
89%
1 x L Angola
87%
2 x L Portogallo
87%
2 x L Repubblica del Congo
87%
2 x L Repubblica Democratica del Congo
87%
1 x L Bielorussia
86%
1 x L Somalia
86%
1 x L Venezuela
86%
3 x L Isole Marshall
85%
1 x L Maldive
85%
1 x L Polonia
85%
1 x L Belgio
84%
1 x L Belize
84%
1 x L Bulgaria
84%
2 x L Isole Salomone
84%
1 x L Mali
84%
1 x L Malta
84%
1 x L Moldavia
84%
1 x L Nuova Zelanda
84%
1 x L Thailandia
84%
1 x L Bolivia
83%
2 x L Seychelles
83%
1 x L Mongolia
82%
1 x L Palau
82%
1 x L Senegal
82%
1 x L Israele
80%
1 x L Repubblica Ceca
80%
1 x L Repubblica Dominicana
80%
1 x L Guatemala
79%
1 x L Repubblica Centrafricana
79%
1 x L Bangladesh
78%
1 x L Malawi
78%
1 x L Santa Lucia
78%
1 x L Filippine
77%
1 x L Nepal
77%
2 x L El Salvador
76%
1 x L Tuvalu
76%
1 x L Corea del Nord
75%
1 x L Corea del Sud
75%
1 x L Guinea Equatoriale
73%
1 x L Sri Lanka
71%
1 x L Sierra Leone
70%
1 x L Città del Vaticano
60%
1 x L Swaziland
59%
1 x L Macedonia del Nord
56%
Nessun quiz corrispondente trovato
Distribuzione punteggi
Percentuale di utenti per punteggio
Percentile per numero di risposta
I tuoi punteggi nel tempo
Non hai fatto questo quiz